AMMM / Associació Museus Marítims Mediterrani = Asociación Museos Marítimos Mediterráneo = Assoziacione Musei Marittimi Mediterraneo ...
Descripción Física:
[2] p. ; 30 cm
MARC
| LEADER | 00000nam a2200000Ia 4500 | ||
|---|---|---|---|
| 001 | 15127 | ||
| 003 | BGR | ||
| 005 | 20260324175354.0 | ||
| 008 | 160829s9999 xx 000 0 cat d | ||
| 080 | |a FU-34-19 | ||
| 110 | 2 | |a Associació de Museus Marítims de la Mediterrània (AMMM) |9 70439 | |
| 245 | |a AMMM / Associació Museus Marítims Mediterrani = Asociación Museos Marítimos Mediterráneo = Assoziacione Musei Marittimi Mediterraneo ... | ||
| 260 | |a Barcelona : |b l'Associació, [199 - ?] | ||
| 300 | |a [2] p. ; |c 30 cm | ||
| 901 | |a Arxiu | ||
| 942 | |n 1 |2 udc |c MON | ||
| 952 | |0 0 |1 0 |4 0 |6 FU3419 |7 1 |9 45235 |a Arxiu |b Arxiu |d 2016-12-01 |l 0 |o FU-34-19 |p 15127 |r 2016-12-01 00:00:00 |w 2016-12-01 |y ARXIU | ||
| 999 | |c 48309 |d 48309 | ||